[Event "V Open Escacs Xàtiva"]
[Site "Xàtiva, Spain"]
[Date "2019.07.20"]
[Round "8.11"]
[White "Roca Cruz, Rafael"]
[Black "Domenech Briz, Jose"]
[Result "1-0"]
[WhiteElo "1880"]
[BlackElo "1565"]
[PlyCount "69"]
[EventDate "2019.??.??"]

1. d4 {[%clk 01:30:56]  [%emt 00:00:03]} 1... Nf6 {
[%clk 01:30:52]  [%emt 00:00:09]} 2. Bf4 {[%clk 01:30:01]  [%emt 00:01:26]}
2... g6 {[%clk 01:30:02]  [%emt 00:01:20]} 3. e3 {
[%clk 01:30:23]  [%emt 00:00:08]} 3... Bg7 {[%clk 01:30:02]  [%emt 00:00:30]}
4. h3 {[%clk 01:30:45]  [%emt 00:00:08]} 4... d6 {
[%clk 01:29:36]  [%emt 00:00:55]} 5. Nf3 {[%clk 01:30:53]  [%emt 00:00:22]}
5... O-O {[%clk 01:28:43]  [%emt 00:01:24]} 6. Be2 {
[%clk 01:31:18]  [%emt 00:00:05]} 6... Re8 {[%clk 01:26:02]  [%emt 00:03:11]}
7. O-O {[%clk 01:31:33]  [%emt 00:00:15]} 7... Nc6 {
[%clk 01:24:53]  [%emt 00:01:39]} 8. Bh2 {[%clk 01:26:57]  [%emt 00:05:05]}
8... Bf5 {[%clk 01:19:25]  [%emt 00:05:58]} 9. Nh4 {
[%clk 01:17:12]  [%emt 00:10:14]} 9... Bd7 {[%clk 01:16:30]  [%emt 00:03:26]}
10. d5 {[%clk 01:15:08]  [%emt 00:02:34]} 10... Nxd5 {
[%clk 01:10:36]  [%emt 00:06:25]} 11. Qxd5 {[%clk 01:13:10]  [%emt 00:02:28]}
11... Bxb2 {[%clk 01:10:08]  [%emt 00:00:57]} 12. c3 {
[%clk 00:47:28]  [%emt 00:26:12]} 12... Bxa1 {[%clk 01:09:43]  [%emt 00:00:56]}
13. Qd2 {[%clk 00:43:53]  [%emt 00:04:05]} 13... e6 {
[%clk 00:57:29]  [%emt 00:12:44]} 14. Nf3 {[%clk 00:44:07]  [%emt 00:00:15]}
14... Qf6 {[%clk 00:56:20]  [%emt 00:01:39]} 15. Rc1 {
[%clk 00:43:57]  [%emt 00:00:40]} 15... a6 {[%clk 00:50:20]  [%emt 00:06:30]}
16. Na3 {[%clk 00:42:35]  [%emt 00:01:53]} 16... Bxc3 {
[%clk 00:46:36]  [%emt 00:04:13]} 17. Rxc3 {[%clk 00:34:05]  [%emt 00:09:00]}
17... e5 {[%clk 00:40:34]  [%emt 00:06:32]} 18. e4 {
[%clk 00:29:56]  [%emt 00:04:39]} 18... Be6 {[%clk 00:28:55]  [%emt 00:12:09]}
19. Nc4 {[%clk 00:11:03]  [%emt 00:19:23]} 19... Rec8 {
[%clk 00:18:06]  [%emt 00:11:19]} 20. Bg3 {[%clk 00:05:38]  [%emt 00:05:55]}
20... Qe7 {[%clk 00:15:44]  [%emt 00:02:52]} 21. Ne3 {
[%clk 00:05:13]  [%emt 00:00:55]} 21... Kg7 {[%clk 00:07:50]  [%emt 00:08:24]}
22. Nd5 {[%clk 00:03:23]  [%emt 00:02:20]} 22... Qd7 {
[%clk 00:07:14]  [%emt 00:01:05]} 23. Qg5 {[%clk 00:01:54]  [%emt 00:01:59]}
23... Bxd5 {[%clk 00:06:36]  [%emt 00:01:09]} 24. exd5 {
[%clk 00:02:10]  [%emt 00:00:13]} 24... Ne7 {[%clk 00:06:11]  [%emt 00:00:54]}
25. Nxe5 {[%clk 00:01:48]  [%emt 00:00:53]} 25... Qf5 {
[%clk 00:04:31]  [%emt 00:02:10]} 26. Qxe7 {[%clk 00:01:30]  [%emt 00:00:47]}
26... dxe5 {[%clk 00:02:18]  [%emt 00:02:43]} 27. Bg4 {
[%clk 00:01:27]  [%emt 00:00:33]} 27... Qb1+ {[%clk 00:01:59]  [%emt 00:00:49]}
28. Kh2 {[%clk 00:01:53]  [%emt 00:00:05]} 28... Re8 {
[%clk 00:00:59]  [%emt 00:01:30]} 29. Bxe5+ {[%clk 00:02:12]  [%emt 00:00:11]}
29... Kg8 {[%clk 00:01:20]  [%emt 00:00:08]} 30. Qf6 {
[%clk 00:02:29]  [%emt 00:00:14]} 30... Rxe5 {[%clk 00:01:44]  [%emt 00:00:06]}
31. Qxe5 {[%clk 00:02:52]  [%emt 00:00:06]} 31... Qb6 {
[%clk 00:01:38]  [%emt 00:00:36]} 32. Qxc7 {[%clk 00:02:07]  [%emt 00:01:15]}
32... Qxf2 {[%clk 00:01:21]  [%emt 00:00:48]} 33. Rf3 {
[%clk 00:02:14]  [%emt 00:00:23]} 33... Qxa2 {[%clk 00:00:39]  [%emt 00:01:12]}
34. Qxf7+ {[%clk 00:02:32]  [%emt 00:00:12]} 34... Kh8 {
[%clk 00:01:04]  [%emt 00:00:05]} 35. Qf6+ {[%clk 00:02:58]  [%emt 00:00:04]}
1-0

[Event "V Open Escacs Xàtiva"]
[Site "Xàtiva, Spain"]
[Date "2019.07.20"]
[Round "8.12"]
[White "Simon Morales, Miguel Angel"]
[Black "Hassomal Daswani, Birjkumar"]
[Result "0-1"]
[WhiteElo "1418"]
[BlackElo "1994"]
[PlyCount "48"]
[EventDate "2019.??.??"]

1. e4 {[%clk 01:30:58]  [%emt 00:00:02]} 1... c5 {
[%clk 01:30:56]  [%emt 00:00:04]} 2. Nf3 {[%clk 01:31:24]  [%emt 00:00:04]}
2... e6 {[%clk 01:31:13]  [%emt 00:00:13]} 3. d4 {
[%clk 01:31:19]  [%emt 00:00:35]} 3... cxd4 {[%clk 01:31:38]  [%emt 00:00:05]}
4. Nxd4 {[%clk 01:31:28]  [%emt 00:00:21]} 4... Bc5 {
[%clk 01:31:59]  [%emt 00:00:09]} 5. c4 {[%clk 01:30:24]  [%emt 00:01:34]} 5...
Qb6 {[%clk 01:32:09]  [%emt 00:00:20]} 6. Be3 {[%clk 01:16:13]  [%emt 00:14:40]
} 6... Qxb2 {[%clk 01:31:45]  [%emt 00:00:53]} 7. Nb3 {
[%clk 01:16:25]  [%emt 00:00:19]} 7... Bxe3 {[%clk 01:31:32]  [%emt 00:00:44]}
8. fxe3 {[%clk 01:16:37]  [%emt 00:00:18]} 8... Nf6 {
[%clk 01:31:06]  [%emt 00:00:56]} 9. Qd3 {[%clk 01:12:35]  [%emt 00:04:32]}
9... Qe5 {[%clk 01:30:20]  [%emt 00:01:15]} 10. Nc3 {
[%clk 01:10:12]  [%emt 00:02:54]} 10... Nc6 {[%clk 01:30:44]  [%emt 00:00:05]}
11. a3 {[%clk 01:09:34]  [%emt 00:01:09]} 11... Qg5 {
[%clk 01:30:38]  [%emt 00:00:36]} 12. Nb5 {[%clk 00:59:57]  [%emt 00:10:05]}
12... O-O {[%clk 01:30:20]  [%emt 00:00:49]} 13. O-O-O {
[%clk 00:47:48]  [%emt 00:12:38]} 13... a6 {[%clk 01:28:34]  [%emt 00:02:18]}
14. h4 {[%clk 00:37:00]  [%emt 00:11:17]} 14... Qe5 {
[%clk 01:28:19]  [%emt 00:00:46]} 15. Nd6 {[%clk 00:36:06]  [%emt 00:01:23]}
15... b5 {[%clk 01:28:15]  [%emt 00:00:34]} 16. c5 {
[%clk 00:28:32]  [%emt 00:08:05]} 16... a5 {[%clk 01:27:19]  [%emt 00:01:26]}
17. Be2 {[%clk 00:21:26]  [%emt 00:07:36]} 17... a4 {
[%clk 01:27:37]  [%emt 00:00:12]} 18. Nxc8 {[%clk 00:18:56]  [%emt 00:02:59]}
18... axb3 {[%clk 01:27:11]  [%emt 00:00:56]} 19. Nd6 {
[%clk 00:14:14]  [%emt 00:05:12]} 19... Rxa3 {[%clk 01:26:10]  [%emt 00:01:32]}
20. Kd2 {[%clk 00:12:03]  [%emt 00:02:40]} 20... Qxc5 {
[%clk 01:24:44]  [%emt 00:01:56]} 21. Ke1 {[%clk 00:07:01]  [%emt 00:05:32]}
21... b2 {[%clk 01:23:13]  [%emt 00:02:01]} 22. Qxb5 {
[%clk 00:03:43]  [%emt 00:03:47]} 22... Qc3+ {[%clk 01:23:23]  [%emt 00:00:20]}
23. Kf2 {[%clk 00:03:54]  [%emt 00:00:19]} 23... Qxe3+ {
[%clk 01:23:43]  [%emt 00:00:10]} 24. Kf1 {[%clk 00:03:38]  [%emt 00:00:46]}
24... Rb8 {[%clk 01:23:13]  [%emt 00:01:01]} 0-1

[Event "V Open Escacs Xàtiva"]
[Site "Xàtiva, Spain"]
[Date "2019.07.20"]
[Round "8.13"]
[White "Gukasov, Artem"]
[Black "Crespo Calatayud, Santiago"]
[Result "1-0"]
[WhiteElo "1369"]
[BlackElo "1758"]
[PlyCount "73"]
[EventDate "2019.??.??"]

1. e4 {[%clk 01:30:56]  [%emt 00:00:03]} 1... c5 {
[%clk 01:30:57]  [%emt 00:00:04]} 2. Nf3 {[%clk 01:31:08]  [%emt 00:00:17]}
2... g6 {[%clk 01:31:02]  [%emt 00:00:26]} 3. d4 {
[%clk 01:30:17]  [%emt 00:01:20]} 3... cxd4 {[%clk 01:31:24]  [%emt 00:00:08]}
4. Nxd4 {[%clk 01:30:43]  [%emt 00:00:05]} 4... Bg7 {
[%clk 01:31:47]  [%emt 00:00:08]} 5. Be3 {[%clk 01:30:43]  [%emt 00:00:29]}
5... Nf6 {[%clk 01:31:59]  [%emt 00:00:18]} 6. Nc3 {
[%clk 01:30:20]  [%emt 00:00:54]} 6... Nc6 {[%clk 01:32:17]  [%emt 00:00:12]}
7. Bc4 {[%clk 01:29:54]  [%emt 00:00:55]} 7... Nxe4 {
[%clk 01:29:32]  [%emt 00:03:15]} 8. Bxf7+ {[%clk 01:23:03]  [%emt 00:07:21]}
8... Kxf7 {[%clk 01:28:02]  [%emt 00:02:00]} 9. Nxe4 {
[%clk 01:23:03]  [%emt 00:00:30]} 9... Rf8 {[%clk 01:26:58]  [%emt 00:01:34]}
10. O-O {[%clk 01:22:39]  [%emt 00:00:53]} 10... d5 {
[%clk 01:26:49]  [%emt 00:00:40]} 11. Ng5+ {[%emt 00:03:16]} 11... Kg8 {
[%emt 00:00:32]} 12. Nge6 {[%clk 01:19:12]  [%emt 00:03:10]} 12... Bxe6 {
[%clk 01:26:31]  [%emt 00:00:19]} 13. Nxe6 {[%clk 01:19:19]  [%emt 00:00:21]}
13... Qd6 {[%clk 01:26:42]  [%emt 00:00:21]} 14. Nxf8 {
[%clk 01:19:20]  [%emt 00:00:29]} 14... Rxf8 {[%clk 01:27:09]  [%emt 00:00:02]}
15. c3 {[%clk 01:17:33]  [%emt 00:02:17]} 15... b6 {
[%clk 01:27:15]  [%emt 00:00:24]} 16. Qd2 {[%clk 01:11:05]  [%emt 00:06:58]}
16... Ne5 {[%clk 01:24:57]  [%emt 00:02:48]} 17. h3 {
[%clk 00:59:34]  [%emt 00:12:01]} 17... Rf5 {[%clk 01:24:22]  [%emt 00:01:06]}
18. f3 {[%clk 00:44:15]  [%emt 00:15:49]} 18... Nc4 {
[%clk 01:08:49]  [%emt 00:16:03]} 19. Qf2 {[%clk 00:43:21]  [%emt 00:01:24]}
19... Qc6 {[%clk 01:02:52]  [%emt 00:06:27]} 20. Rac1 {
[%clk 00:32:36]  [%emt 00:13:34]} 20... Rh5 {[%clk 00:59:56]  [%emt 00:03:25]}
21. b3 {[%clk 00:30:05]  [%emt 00:03:02]} 21... Nxe3 {
[%clk 01:00:11]  [%emt 00:00:15]} 22. Qxe3 {[%clk 00:30:05]  [%emt 00:00:29]}
22... Bh6 {[%clk 01:00:38]  [%emt 00:00:05]} 23. f4 {
[%clk 00:28:31]  [%emt 00:02:04]} 23... e5 {[%clk 00:59:29]  [%emt 00:01:38]}
24. Qf3 {[%clk 00:25:08]  [%emt 00:03:52]} 24... Rf5 {
[%clk 00:55:34]  [%emt 00:04:26]} 25. Rcd1 {[%clk 00:14:00]  [%emt 00:11:39]}
25... e4 {[%clk 00:43:18]  [%emt 00:12:46]} 26. Qe3 {
[%clk 00:13:08]  [%emt 00:01:21]} 26... Qf6 {[%clk 00:35:09]  [%emt 00:08:39]}
27. g3 {[%clk 00:06:52]  [%emt 00:06:47]} 27... g5 {
[%clk 00:35:06]  [%emt 00:00:33]} 28. fxg5 {[%clk 00:05:23]  [%emt 00:01:59]}
28... Bxg5 {[%clk 00:35:31]  [%emt 00:00:04]} 29. Qe2 {
[%clk 00:05:29]  [%emt 00:00:25]} 29... Rxf1+ {[%clk 00:30:38]  [%emt 00:05:23]
} 30. Rxf1 {[%clk 00:04:45]  [%emt 00:01:14]} 30... Qxc3 {
[%clk 00:30:19]  [%emt 00:00:49]} 31. Qg4 {[%clk 00:04:21]  [%emt 00:00:53]}
31... h6 {[%clk 00:25:18]  [%emt 00:05:31]} 32. Qe6+ {
[%clk 00:02:48]  [%emt 00:02:02]} 32... Kh7 {[%clk 00:22:44]  [%emt 00:03:05]}
33. Rf7+ {[%clk 00:03:05]  [%emt 00:00:13]} 33... Qg7 {
[%clk 00:23:12]  [%emt 00:00:02]} 34. Rxg7+ {[%clk 00:03:11]  [%emt 00:00:24]}
34... Kxg7 {[%clk 00:23:41]  [%emt 00:00:01]} 35. Qxd5 {
[%clk 00:03:02]  [%emt 00:00:39]} 35... e3 {[%clk 00:23:40]  [%emt 00:00:31]}
36. Qe4 {[%clk 00:03:18]  [%emt 00:00:14]} 36... Kg8 {[%emt 00:00:50]} 37. Qd5+
{[%emt 00:00:04]} 1-0

[Event "V Open Escacs Xàtiva"]
[Site "Xàtiva, Spain"]
[Date "2019.07.20"]
[Round "8.14"]
[White "Ecija Molina, Juan"]
[Black "Fernandez Sanchez, Vicente"]
[Result "0-1"]
[WhiteElo "1379"]
[BlackElo "1703"]
[PlyCount "82"]
[EventDate "2019.??.??"]

1. c4 {[%clk 01:30:56]  [%emt 00:00:03]} 1... Nf6 {
[%clk 01:30:21]  [%emt 00:00:39]} 2. d3 {[%clk 01:31:12]  [%emt 00:00:14]} 2...
d5 {[%clk 01:29:45]  [%emt 00:01:06]} 3. cxd5 {[%clk 01:30:23]  [%emt 00:01:20]
} 3... Qxd5 {[%clk 01:29:08]  [%emt 00:01:06]} 4. e4 {
[%clk 01:29:28]  [%emt 00:01:26]} 4... Qa5+ {[%clk 01:26:12]  [%emt 00:03:25]}
5. Bd2 {[%clk 01:29:15]  [%emt 00:00:44]} 5... Qb6 {
[%clk 01:25:41]  [%emt 00:01:00]} 6. h3 {[%clk 01:19:22]  [%emt 00:10:24]} 6...
Qxb2 {[%clk 01:24:33]  [%emt 00:01:37]} 7. Bc3 {
[%clk 01:19:38]  [%emt 00:00:14]} 7... Qb6 {[%clk 01:24:10]  [%emt 00:00:53]}
8. Nf3 {[%clk 01:17:55]  [%emt 00:02:14]} 8... g6 {
[%clk 01:22:15]  [%emt 00:02:24]} 9. Nbd2 {[%clk 01:16:48]  [%emt 00:01:37]}
9... c6 {[%clk 01:18:39]  [%emt 00:04:06]} 10. Rb1 {
[%clk 01:13:59]  [%emt 00:03:20]} 10... Qd8 {[%clk 01:16:56]  [%emt 00:02:12]}
11. Nc4 {[%clk 01:09:49]  [%emt 00:04:40]} 11... Bg7 {
[%clk 01:15:05]  [%emt 00:02:21]} 12. Bxf6 {[%clk 01:05:28]  [%emt 00:04:52]}
12... exf6 {[%clk 01:13:08]  [%emt 00:02:26]} 13. Qb3 {
[%clk 01:02:42]  [%emt 00:03:17]} 13... O-O {[%clk 01:10:19]  [%emt 00:03:18]}
14. Rd1 {[%clk 00:58:25]  [%emt 00:04:47]} 14... Qc7 {
[%clk 01:07:28]  [%emt 00:03:20]} 15. Be2 {[%clk 00:57:20]  [%emt 00:01:36]}
15... c5 {[%clk 01:03:59]  [%emt 00:03:59]} 16. d4 {
[%clk 00:54:37]  [%emt 00:03:14]} 16... cxd4 {[%clk 01:02:43]  [%emt 00:01:46]}
17. Nxd4 {[%clk 00:54:24]  [%emt 00:00:43]} 17... a6 {
[%clk 00:57:50]  [%emt 00:05:22]} 18. O-O {[%clk 00:52:05]  [%emt 00:02:49]}
18... f5 {[%clk 00:54:47]  [%emt 00:03:34]} 19. exf5 {
[%clk 00:50:11]  [%emt 00:02:25]} 19... Bxd4 {[%clk 00:51:57]  [%emt 00:03:19]}
20. Rxd4 {[%clk 00:50:31]  [%emt 00:00:10]} 20... Nc6 {
[%clk 00:51:01]  [%emt 00:01:26]} 21. Rh4 {[%clk 00:49:13]  [%emt 00:01:48]}
21... Qe7 {[%clk 00:49:56]  [%emt 00:01:35]} 22. Qg3 {
[%clk 00:38:37]  [%emt 00:11:06]} 22... Qxe2 {[%clk 00:47:02]  [%emt 00:03:24]}
23. fxg6 {[%clk 00:38:27]  [%emt 00:00:41]} 23... fxg6 {
[%clk 00:44:57]  [%emt 00:02:34]} 24. Qg5 {[%clk 00:37:36]  [%emt 00:01:22]}
24... Rf5 {[%clk 00:42:05]  [%emt 00:03:21]} 25. Qc1 {
[%clk 00:34:52]  [%emt 00:03:14]} 25... Qe7 {[%clk 00:35:16]  [%emt 00:07:19]}
26. Rg4 {[%clk 00:26:05]  [%emt 00:09:18]} 26... Be6 {
[%clk 00:30:16]  [%emt 00:05:29]} 27. Re4 {[%clk 00:22:53]  [%emt 00:03:42]}
27... Qf6 {[%clk 00:28:19]  [%emt 00:02:26]} 28. Nd6 {
[%clk 00:19:47]  [%emt 00:03:37]} 28... Bd5 {[%clk 00:26:31]  [%emt 00:02:18]}
29. Ne8 {[%clk 00:17:46]  [%emt 00:02:32]} 29... Qf8 {
[%clk 00:23:03]  [%emt 00:03:57]} 30. Nc7 {[%clk 00:13:42]  [%emt 00:04:36]}
30... Bxe4 {[%clk 00:22:48]  [%emt 00:00:42]} 31. Qc4+ {
[%clk 00:11:51]  [%emt 00:02:22]} 31... Qf7 {[%clk 00:20:34]  [%emt 00:02:44]}
32. Qxe4 {[%clk 00:10:17]  [%emt 00:02:04]} 32... Qxc7 {
[%clk 00:20:34]  [%emt 00:00:30]} 33. Qc4+ {[%clk 00:07:21]  [%emt 00:03:26]}
33... Qf7 {[%clk 00:20:42]  [%emt 00:00:22]} 34. Qc2 {
[%clk 00:06:03]  [%emt 00:01:48]} 34... Nd4 {[%clk 00:19:08]  [%emt 00:02:05]}
35. Qb2 {[%clk 00:06:08]  [%emt 00:00:25]} 35... Nf3+ {
[%clk 00:18:25]  [%emt 00:01:12]} 36. gxf3 {[%clk 00:06:16]  [%emt 00:00:22]}
36... Rxf3 {[%clk 00:18:30]  [%emt 00:00:25]} 37. Kg2 {
[%clk 00:06:23]  [%emt 00:00:24]} 37... Rf8 {[%clk 00:18:21]  [%emt 00:00:38]}
38. Qd2 {[%clk 00:06:05]  [%emt 00:00:48]} 38... Qf5 {
[%clk 00:18:01]  [%emt 00:00:50]} 39. Qh6 {[%clk 00:01:49]  [%emt 00:04:46]}
39... Rxf2+ {[%clk 00:17:01]  [%emt 00:01:29]} 40. Rxf2 {
[%clk 00:02:08]  [%emt 00:00:12]} 40... Qxf2+ {[%clk 00:17:11]  [%emt 00:00:20]
} 41. Kh1 {[%clk 00:02:16]  [%emt 00:00:23]} 41... Re8 {
[%clk 00:16:29]  [%emt 00:01:10]} 0-1

[Event "V Open Escacs Xàtiva"]
[Site "Xàtiva, Spain"]
[Date "2019.07.20"]
[Round "8.15"]
[White "Moreno Gonzalez, Pablo"]
[Black "Morant Gomar, Sergio"]
[Result "1/2-1/2"]
[WhiteElo "1688"]
[BlackElo "1653"]
[PlyCount "96"]
[EventDate "2019.??.??"]

1. e4 {[%clk 01:30:57]} 1... c5 {[%clk 01:30:47]  [%emt 00:00:10]} 2. Nc3 {
[%clk 01:31:12]  [%emt 00:00:15]} 2... Nc6 {[%clk 01:30:35]  [%emt 00:00:43]}
3. g3 {[%clk 01:31:35]  [%emt 00:00:38]} 3... d6 {
[%clk 01:29:47]  [%emt 00:00:48]} 4. Bg2 {[%clk 01:31:54]  [%emt 00:00:09]}
4... Nf6 {[%clk 01:27:19]  [%emt 00:03:01]} 5. d3 {
[%clk 01:31:50]  [%emt 00:00:33]} 5... Bg4 {[%clk 01:27:14]  [%emt 00:00:57]}
6. Nge2 {[%clk 01:30:34]  [%emt 00:01:30]} 6... Nd4 {
[%clk 01:25:53]  [%emt 00:01:43]} 7. h3 {[%clk 01:24:48]  [%emt 00:06:17]} 7...
Bf3 {[%clk 01:24:20]  [%emt 00:02:08]} 8. O-O {[%clk 01:23:32]  [%emt 00:01:41]
} 8... Bxg2 {[%clk 01:24:10]  [%emt 00:00:58]} 9. Kxg2 {
[%clk 01:23:40]  [%emt 00:00:11]} 9... Nc6 {[%clk 01:20:49]  [%emt 00:03:43]}
10. f4 {[%clk 01:20:19]  [%emt 00:03:59]} 10... g6 {
[%clk 01:15:50]  [%emt 00:06:04]} 11. Be3 {[%clk 01:20:18]} 11... Bg7 {
[%clk 01:13:47]  [%emt 00:02:22]} 12. Qd2 {[%clk 01:20:36]  [%emt 00:00:36]}
12... O-O {[%clk 00:56:52]  [%emt 00:17:00]} 13. f5 {
[%clk 01:19:26]  [%emt 00:02:05]} 13... d5 {[%clk 00:54:26]  [%emt 00:02:35]}
14. exd5 {[%clk 01:10:55]  [%emt 00:09:01]} 14... Nxd5 {
[%clk 00:54:26]  [%emt 00:00:25]} 15. Bh6 {[%clk 01:10:24]  [%emt 00:01:05]}
15... Nf6 {[%clk 00:50:58]  [%emt 00:04:05]} 16. Rf2 {
[%clk 01:00:03]  [%emt 00:11:03]} 16... b5 {[%clk 00:46:30]  [%emt 00:04:42]}
17. Bxg7 {[%clk 00:52:40]  [%emt 00:08:13]} 17... Kxg7 18. Nxb5 {
[%emt 00:01:15]} 18... c4 {[%clk 00:42:15]  [%emt 00:03:07]} 19. Nf4 {
[%clk 00:49:00]  [%emt 00:04:44]} 19... Qb6 {[%clk 00:37:53]  [%emt 00:04:15]}
20. dxc4 {[%clk 00:40:38]  [%emt 00:08:52]} 20... Ne4 {
[%clk 00:36:49]  [%emt 00:01:49]} 21. Nd5 {[%clk 00:34:51]  [%emt 00:06:12]}
21... Qxf2+ {[%clk 00:33:42]  [%emt 00:03:27]} 22. Qxf2 {
[%clk 00:35:13]  [%emt 00:00:18]} 22... Nxf2 {[%emt 00:00:05]} 23. f6+ {
[%emt 00:03:02]} 23... exf6 {[%clk 00:30:18]  [%emt 00:00:34]} 24. Kxf2 {
[%clk 00:35:38]  [%emt 00:00:16]} 24... a6 {[%clk 00:29:01]  [%emt 00:01:40]}
25. Nbc3 {[%clk 00:31:52]  [%emt 00:04:15]} 25... f5 {
[%clk 00:25:17]  [%emt 00:04:12]} 26. b3 {[%clk 00:30:44]  [%emt 00:01:38]}
26... Ra7 {[%clk 00:23:54]  [%emt 00:01:57]} 27. Ne3 {
[%clk 00:30:03]  [%emt 00:01:09]} 27... Re8 {[%clk 00:22:23]  [%emt 00:02:00]}
28. Ncd5 {[%clk 00:29:49]  [%emt 00:00:43]} 28... Nd4 {
[%clk 00:21:35]  [%emt 00:01:20]} 29. Rd1 {[%clk 00:29:18]  [%emt 00:00:58]}
29... Ne6 {[%clk 00:21:50]  [%emt 00:00:37]} 30. b4 {
[%clk 00:25:47]  [%emt 00:03:59]} 30... Ng5 {[%clk 00:21:18]  [%emt 00:01:19]}
31. h4 {[%clk 00:23:56]  [%emt 00:01:44]} 31... Ne4+ {
[%clk 00:21:44]  [%emt 00:00:09]} 32. Kf3 {[%clk 00:24:11]  [%emt 00:00:12]}
32... Nf6 {[%clk 00:19:15]  [%emt 00:02:55]} 33. a4 {
[%clk 00:22:48]  [%emt 00:01:56]} 33... Nxd5 {[%clk 00:19:28]  [%emt 00:00:16]}
34. cxd5 {[%clk 00:22:58]  [%emt 00:00:18]} 34... Re4 {
[%clk 00:17:26]  [%emt 00:02:45]} 35. Rb1 {[%clk 00:22:07]  [%emt 00:01:09]}
35... Rae7 {[%clk 00:16:22]  [%emt 00:01:34]} 36. Rb3 {
[%clk 00:22:23]  [%emt 00:00:14]} 36... h6 {[%clk 00:15:36]  [%emt 00:01:17]}
37. c4 {[%clk 00:21:52]  [%emt 00:01:12]} 37... R7e5 {[%emt 00:03:30]} 38. b5 {
[%clk 00:17:34]  [%emt 00:01:10]} 38... axb5 {[%clk 00:16:02]  [%emt 00:00:32]}
39. axb5 {[%clk 00:18:01]  [%emt 00:00:08]} 39... g5 {
[%clk 00:16:23]  [%emt 00:00:05]} 40. Nxf5+ {[%emt 00:07:23]} 40... Kg6 {
[%clk 00:15:15]  [%emt 00:01:10]} 41. Nd6 {[%clk 00:12:01]  [%emt 00:00:07]}
41... Re1 {[%emt 00:00:32]} 42. b6 {[%emt 00:02:27]} 42... Rf1+ {
[%clk 00:11:57]  [%emt 00:00:45]} 43. Kg2 {[%emt 00:01:08]} 43... Ree1 {
[%clk 00:11:31]  [%emt 00:01:24]} 44. Rb2 {[%clk 00:10:23]  [%emt 00:01:14]}
44... g4 {[%clk 00:09:05]  [%emt 00:02:44]} 45. b7 {
[%clk 00:08:36]  [%emt 00:02:25]} 45... Rg1+ {[%clk 00:09:02]  [%emt 00:00:24]}
46. Kh2 {[%clk 00:07:38]  [%emt 00:01:29]} 46... Rh1+ {
[%clk 00:09:16]  [%emt 00:00:39]} 47. Kg2 {[%clk 00:08:07]} 47... Rhg1+ {
[%emt 00:02:35]} 48. Kf2 {[%emt 00:00:45]} 48... Rgf1+ {[%emt 00:02:15]}
1/2-1/2